000 01022nam a2200277Ia 4500
001 Para_10174
003 CHAP
008 220125sDici xx 000 0 und d
010 _a208711
040 _cCHAP
090 _aPA CD - TESIS 232
100 _aGalván Sánchez, Juan Pablo
_9125691
245 _aEvaluación del comportamiento de tres especies de cobertura viva y métodos de control de malezas en Chapingo, México /
_c Juan Pablo Galván Sánchez. Director Juan Lorenzo Medina Pitalúa
260 _aChapingo, Méx. :
_b el autor
300 _a1 CDS ROM (54 p.)
502 _aTesis (Ing. Agr. Esp. en Parasitología Agrícola). UACh. Departamento Parasitología Agrícola
700 _aMedina Pitalua, Juan Lorenzo. Director
_9175114
710 _aUACh. Departamento Parasitología Agrícola
_9164025
901 _aPA CD - TESIS 232
902 _aM
905 _a513220Diciembre, 2012 nm 8100000000 06
910 _aDici
942 _cPARA
942 _cPARA
_d2
999 _c208711
_d208711